00000000nam 2200000zi 4500
0019.943238
003CaOODSP
00520241125072140
006m     o  d f      
007cr mn|||||||||
008240916t20242024nscab   ob   f000 0 eng d
020 |a9780660736402
040 |aCaOODSP|beng|erda|cCaOODSP
043 |an-cn-ns|an-cn-nk|aln-----
0861 |aFs23-752/2024E-PDF
24500|aScotian Shelf-Bay of Fundy bioregional marine refuge management plan.
264 1|a[Dartmouth, N.S.] : |bFisheries and Oceans Canada = Pêches et océans Canada, |c2024.
264 4|c©2024
300 |a1 online resource (2 volumes) : |bcolour illustrations, colour maps
336 |atext|btxt|2rdacontent
337 |acomputer|bc|2rdamedia
338 |aonline resource|bcr|2rdacarrier
500 |aIssued also in French under title: La biorégion du plateau néo-écossais et de la baie de Fundy : plan de gestion des refuges marins.
500 |a"Published by: Marine Planning and Conservation, Fisheries and Oceans Canada …"--Page 1.
504 |aIncludes bibliographical references.
5050 |apt. I. Marine refuge management -- pt. II. Site profiles.
520 |a"The Scotian Shelf-Bay of Fundy (SS-BOF) Bioregion is home to rich marine life and productive and diverse ecosystems providing food and shelter for a variety of species, including important commercial species. Within the SS-BOF Bioregion there are six marine refuges[.] … The SS-BOF Bioregional Marine Refuge Management Plan is intended to coordinate the management of existing and future marine refuges established according to the Fisheries Act and the Government of Canada Guidance for Recognizing Marine Other Effective Area-Based Conservation Measures (2022) by providing guidance and approaches for management to Fisheries and Oceans Canada’s (DFO) Maritimes Region, other governing authorities, marine users, and the public. The plan presents an overview of each SS-BOF marine refuge as well as objectives related to conservation; research and monitoring; the social, cultural, and governance dimensions; and climate change. Activities currently occurring or most likely to be proposed in the SS-BOF marine refuges are described along with how additional governance and management actions support the overarching legislative, regulatory, and policy framework. …"--Pt. I, Executive summary, page 6.
650 0|aMarine parks and reserves|zScotian Shelf|xManagement.
650 0|aMarine parks and reserves|zFundy, Bay of|xManagement.
650 0|aMarine parks and reserves|zScotian Shelf|xPlanning.
650 0|aMarine parks and reserves|zFundy, Bay of|xPlanning.
650 0|aMarine resources conservation|zScotian Shelf.
650 0|aMarine resources conservation|zFundy, Bay of.
7101 |aCanada. |bDepartment of Fisheries and Oceans, |eissuing body.
77508|tLa biorégion du plateau néo-écossais et de la baie de Fundy : |w(CaOODSP)9.943239
85640|qPDF|s40.30 MB|uhttps://publications.gc.ca/collections/collection_2024/mpo-dfo/Fs23-752-2024-1-eng.pdf|z(pt. I)
85640|qPDF|s23.90 MB|uhttps://publications.gc.ca/collections/collection_2024/mpo-dfo/Fs23-752-2024-2-eng.pdf|z(pt. II)